000 00661nam a2200277Ia 4500
005 20260324115811.0
008 008 260324s9999 xx 000 0 eng d
020 _a9780429257698
037 _aEBOOK
040 _aCRL
040 _beng
040 _cCRL
041 _2eng
041 _aeng
084 _qCRL
100 _aDaniel Bloom
_91144135
245 4 _aThe Field Guide to Achieving HR Excellence through Six Sigma
260 _bTaylor and Francis
260 _c2016
365 _a
365 _b290
856 _uhttp://www.taylorfrancis.com/books/9780429257698
942 _cEBOOK
999 _c1747197
_d1747197